[Event "Amateur Tournament (ATO)"]
[Site "https://www.chess.com"]
[Date "2025.07.23"]
[Round "8"]
[White "Steiner, Remo"]
[Black "Van Bogaert, Olivier"]
[Result "1-0"]
[Board "24"]
[WhiteFideId "1360973"]
[BlackFideId "134178780"]
[WhiteElo "1690"]
[BlackElo "1793"]
[WhiteTeam "SUI"]
[BlackTeam "SUI"]
[WhiteClock "0:03:59"]
[BlackClock "0:01:38"]
[Variant "Standard"]

1. e4 {[%clk 1:29:55]}  c5 {[%clk 1:30:47]} 2. Nf3 {[%clk 1:30:15]}  Nc6 {[%clk 1:30:59]} 3. Bb5 {[%clk 1:30:38]}  Nf6 {[%clk 1:31:01]} 4. Nc3 {[%clk 1:30:48]}  g6 {[%clk 1:31:04]} 5. e5 {[%clk 1:28:00]}  Ng4 {[%clk 1:31:15]} 6. Bxc6 {[%clk 1:27:57]}  dxc6 {[%clk 1:31:40]} 7. h3 {[%clk 1:27:23]}  Nh6 {[%clk 1:32:02]} 8. g4 {[%clk 1:25:17]}  Bg7 {[%clk 1:31:52]} 9. d3 {[%clk 1:24:00]}  O-O {[%clk 1:32:04]} 10. Qe2 {[%clk 1:21:05]}  f6 {[%clk 1:31:04]} 11. exf6 {[%clk 1:05:06]}  exf6 {[%clk 1:30:46]} 12. Be3 {[%clk 1:04:55]}  b6 {[%clk 1:19:44]} 13. O-O-O {[%clk 0:59:37]}  a5 {[%clk 0:58:58]} 14. a4 {[%clk 0:47:07]}  Qe8 {[%clk 0:48:48]} 15. Qd2 {[%clk 0:46:00]}  Nf7 {[%clk 0:48:15]} 16. Rhe1 {[%clk 0:39:00]}  Ne5 {[%clk 0:42:03]} 17. Nxe5 {[%clk 0:37:09]}  fxe5 {[%clk 0:41:46]} 18. f4 {[%clk 0:34:42]}  exf4 {[%clk 0:32:29]} 19. Bxc5 {[%clk 0:28:08]}  Qf7 {[%clk 0:31:30]} 20. Bxf8 {[%clk 0:26:53]}  Bxf8 {[%clk 0:31:03]} 21. Rf1 {[%clk 0:21:15]}  Bd6 {[%clk 0:25:12]} 22. Kb1 {[%clk 0:20:08]}  Be6 {[%clk 0:22:25]} 23. Ne4 {[%clk 0:15:11]}  Be5 {[%clk 0:12:10]} 24. c4 {[%clk 0:09:12]}  h6 {[%clk 0:11:20]} 25. d4 {[%clk 0:08:03]}  Rd8 {[%clk 0:11:23]} 26. Qc3 {[%clk 0:08:06]}  Bb8 {[%clk 0:06:17]} 27. d5 {[%clk 0:07:50]}  cxd5 {[%clk 0:06:13]} 28. cxd5 {[%clk 0:08:13]}  Bxd5 {[%clk 0:03:13]} 29. Nf6+ {[%clk 0:08:15]}  Kf8 {[%clk 0:03:19]} 30. Nxd5 {[%clk 0:08:30]}  Rxd5 {[%clk 0:01:12]} 31. Qh8+ {[%clk 0:03:44]}  Ke7 {[%clk 0:01:17]} 32. Rfe1+ {[%clk 0:03:44]}  Kd7 {[%clk 0:01:05]} 33. Rxd5+ {[%clk 0:03:25]}  Qxd5 {[%clk 0:01:21]} 34. Qxb8 {[%clk 0:03:40]}  Qd3+ {[%clk 0:01:38]} 35. Ka1 {[%clk 0:03:59]} 1-0

[Event "Amateur Tournament (ATO)"]
[Site "https://www.chess.com"]
[Date "2025.07.23"]
[Round "8"]
[White "Eigenmann, Walter"]
[Black "Loeffler, Helmut"]
[Result "1-0"]
[Board "26"]
[WhiteFideId "1324632"]
[BlackFideId "1317482"]
[WhiteElo "1764"]
[BlackElo "1709"]
[WhiteTeam "SUI"]
[BlackTeam "SUI"]
[WhiteClock "0:30:29"]
[BlackClock "0:37:15"]
[Variant "Standard"]

1. d4 {[%clk 1:30:57]}  d5 {[%clk 1:30:29]} 2. Nf3 {[%clk 1:31:13]}  Nf6 {[%clk 1:30:33]} 3. e3 {[%clk 1:30:52]}  e6 {[%clk 1:30:42]} 4. c4 {[%clk 1:30:43]}  Be7 {[%clk 1:30:19]} 5. Nc3 {[%clk 1:30:19]}  O-O {[%clk 1:30:18]} 6. Qc2 {[%clk 1:29:26]}  Nc6 {[%clk 1:29:38]} 7. a3 {[%clk 1:29:20]}  a6 {[%clk 1:28:43]} 8. c5 {[%clk 1:25:05]}  b6 {[%clk 1:25:20]} 9. b4 {[%clk 1:24:28]}  bxc5 {[%clk 1:23:54]} 10. bxc5 {[%clk 1:23:36]}  Nd7 {[%clk 1:21:25]} 11. e4 {[%clk 1:20:54]}  e5 {[%clk 1:18:43]} 12. exd5 {[%clk 1:07:40]}  Nxd4 {[%clk 1:17:07]} 13. Nxd4 {[%clk 1:06:18]}  exd4 {[%clk 1:17:21]} 14. Ne4 {[%clk 1:05:29]}  Nf6 {[%clk 1:14:47]} 15. Bd3 {[%clk 0:57:58]}  g6 {[%clk 1:10:55]} 16. Nxf6+ {[%clk 0:56:34]}  Bxf6 {[%clk 1:10:59]} 17. O-O {[%clk 0:56:29]}  Rb8 {[%clk 1:07:14]} 18. Bh6 {[%clk 0:53:17]}  Bg7 {[%clk 1:04:47]} 19. Bxg7 {[%clk 0:52:55]}  Kxg7 {[%clk 1:04:58]} 20. Qc4 {[%clk 0:51:17]}  Qf6 {[%clk 1:01:18]} 21. Rab1 {[%clk 0:49:17]}  Rxb1 {[%clk 0:58:50]} 22. Rxb1 {[%clk 0:48:40]}  Bf5 {[%clk 0:58:10]} 23. Bxf5 {[%clk 0:48:12]}  Qxf5 {[%clk 0:57:39]} 24. Qxd4+ {[%clk 0:47:59]}  Kg8 {[%clk 0:57:32]} 25. Re1 {[%clk 0:45:15]}  Rb8 {[%clk 0:54:45]} 26. h3 {[%clk 0:42:28]}  Rb1 {[%clk 0:50:42]} 27. Rxb1 {[%clk 0:42:05]}  Qxb1+ {[%clk 0:51:02]} 28. Kh2 {[%clk 0:42:19]}  h5 {[%clk 0:48:44]} 29. Qe5 {[%clk 0:38:24]}  Qb8 {[%clk 0:47:29]} 30. Qf6 {[%clk 0:36:08]}  Qc8 {[%clk 0:46:51]} 31. Qe7 {[%clk 0:33:11]}  c6 {[%clk 0:39:30]} 32. d6 {[%clk 0:32:16]}  Qf5 {[%clk 0:39:48]} 33. Qe3 {[%clk 0:30:54]}  Kg7 {[%clk 0:37:15]} 34. Qd4+ {[%clk 0:30:29]} 1-0

[Event "Amateur Tournament (ATO)"]
[Site "https://www.chess.com"]
[Date "2025.07.23"]
[Round "8"]
[White "Panda, Gyorgy"]
[Black "Lesniak, Julien"]
[Result "1-0"]
[Board "28"]
[WhiteFideId "799548"]
[BlackFideId "1303074"]
[WhiteElo "1718"]
[BlackElo "1741"]
[WhiteTeam "HUN"]
[BlackTeam "SUI"]
[WhiteClock "0:48:57"]
[BlackClock "0:21:16"]
[Variant "Standard"]

1. Nf3 {[%clk 1:30:56]}  e6 {[%clk 1:30:18]} 2. g3 {[%clk 1:30:55]}  Nf6 {[%clk 1:29:33]} 3. Bg2 {[%clk 1:31:16]}  d5 {[%clk 1:28:32]} 4. d4 {[%clk 1:31:26]}  c5 {[%clk 1:27:46]} 5. O-O {[%clk 1:31:18]}  Nc6 {[%clk 1:27:22]} 6. c4 {[%clk 1:31:37]}  dxc4 {[%clk 1:26:22]} 7. Qa4 {[%clk 1:32:00]}  Bd7 {[%clk 1:22:47]} 8. Qxc4 {[%clk 1:28:56]}  Qb6 {[%clk 1:20:30]} 9. dxc5 {[%clk 1:25:07]}  Bxc5 {[%clk 1:17:03]} 10. Nc3 {[%clk 1:25:27]}  Qb4 {[%clk 1:00:39]} 11. Qd3 {[%clk 1:12:02]}  O-O-O {[%clk 0:52:54]} 12. a3 {[%clk 1:02:21]}  Qa5 {[%clk 0:43:47]} 13. Bd2 {[%clk 1:02:37]}  Be8 {[%clk 0:41:25]} 14. Qc2 {[%clk 0:57:34]}  Qa6 {[%clk 0:32:03]} 15. b4 {[%clk 0:57:53]}  Nd4 {[%clk 0:31:51]} 16. Nxd4 {[%clk 0:56:21]}  Bxd4 {[%clk 0:29:13]} 17. Rfc1 {[%clk 0:50:14]}  Bc6 {[%clk 0:23:23]} 18. b5 {[%clk 0:48:57]}  Bxf2+ {[%clk 0:21:16]} 1-0

[Event "Amateur Tournament (ATO)"]
[Site "https://www.chess.com"]
[Date "2025.07.23"]
[Round "8"]
[White "Glanc, Lea"]
[Black "Suwendo, Poedjo"]
[Result "1-0"]
[Board "30"]
[WhiteFideId "1344064"]
[BlackFideId "1309803"]
[WhiteElo "1735"]
[BlackElo "1719"]
[WhiteTeam "SUI"]
[BlackTeam "SUI"]
[WhiteClock "0:14:46"]
[BlackClock "0:45:40"]
[Variant "Standard"]

1. e4 {[%clk 1:30:56]}  c5 {[%clk 1:30:57]} 2. Nf3 {[%clk 1:31:21]}  e6 {[%clk 1:31:16]} 3. d4 {[%clk 1:31:48]}  cxd4 {[%clk 1:31:42]} 4. Nxd4 {[%clk 1:32:12]}  a6 {[%clk 1:31:58]} 5. Bd3 {[%clk 1:32:25]}  Qc7 {[%clk 1:32:15]} 6. c4 {[%clk 1:32:19]}  b6 {[%clk 1:32:10]} 7. Be3 {[%clk 1:31:05]}  Bd6 {[%clk 1:27:34]} 8. h3 {[%clk 1:29:57]}  Nf6 {[%clk 1:26:23]} 9. O-O {[%clk 1:29:28]}  Bb7 {[%clk 1:26:23]} 10. Nc3 {[%clk 1:28:55]}  Bb4 {[%clk 1:24:50]} 11. Qc2 {[%clk 1:22:57]}  d6 {[%clk 1:19:58]} 12. Qa4+ {[%clk 1:20:15]}  Nc6 {[%clk 1:20:25]} 13. Nxc6 {[%clk 1:18:19]}  Bxc3 {[%clk 1:20:40]} 14. Nd4+ {[%clk 1:08:08]}  b5 {[%clk 1:18:08]} 15. cxb5 {[%clk 0:59:59]}  Bxd4 {[%clk 1:16:06]} 16. b6+ {[%clk 0:52:59]}  Qc6 {[%clk 1:14:13]} 17. Qxc6+ {[%clk 0:46:22]}  Bxc6 {[%clk 1:12:34]} 18. Bxd4 {[%clk 0:46:33]}  Nxe4 {[%clk 1:12:35]} 19. Rac1 {[%clk 0:39:01]}  Bd5 {[%clk 1:09:04]} 20. Rc7 {[%clk 0:32:43]}  e5 {[%clk 1:08:58]} 21. Be3 {[%clk 0:22:15]}  O-O {[%clk 1:06:35]} 22. Rfc1 {[%clk 0:20:56]}  f5 {[%clk 1:06:03]} 23. b7 {[%clk 0:16:24]}  Bxb7 {[%clk 0:48:53]} 24. Rxb7 {[%clk 0:16:31]}  d5 {[%clk 0:45:40]} 25. Rcc7 {[%clk 0:14:46]} 1-0

[Event "Amateur Tournament (ATO)"]
[Site "https://www.chess.com"]
[Date "2025.07.23"]
[Round "8"]
[White "Srirasa, Srisaaru"]
[Black "Bellm, Juergen"]
[Result "1/2-1/2"]
[Board "31"]
[WhiteFideId "1374036"]
[BlackFideId "533007349"]
[WhiteElo "1400"]
[BlackElo "1728"]
[WhiteTeam "SUI"]
[BlackTeam "GER"]
[WhiteClock "0:12:19"]
[BlackClock "0:11:20"]
[Variant "Standard"]

1. c4 {[%clk 1:30:57]}  e5 {[%clk 1:29:26]} 2. Nc3 {[%clk 1:31:07]}  Nf6 {[%clk 1:29:15]} 3. g3 {[%clk 1:30:56]}  Bc5 {[%clk 1:27:52]} 4. Bg2 {[%clk 1:31:07]}  Nc6 {[%clk 1:27:49]} 5. Nf3 {[%clk 1:30:37]}  d6 {[%clk 1:27:46]} 6. d3 {[%clk 1:29:26]}  h6 {[%clk 1:26:05]} 7. O-O {[%clk 1:26:53]}  O-O {[%clk 1:26:31]} 8. a3 {[%clk 1:27:02]}  a6 {[%clk 1:26:13]} 9. b4 {[%clk 1:23:55]}  Ba7 {[%clk 1:24:54]} 10. Rb1 {[%clk 1:19:40]}  Ne7 {[%clk 1:21:17]} 11. a4 {[%clk 1:08:20]}  Rb8 {[%clk 1:18:54]} 12. b5 {[%clk 0:54:40]}  c6 {[%clk 0:58:54]} 13. bxa6 {[%clk 0:51:41]}  bxa6 {[%clk 0:59:13]} 14. Rxb8 {[%clk 0:52:03]}  Bxb8 {[%clk 0:59:36]} 15. Ba3 {[%clk 0:52:14]}  Qc7 {[%clk 0:53:49]} 16. Nd2 {[%clk 0:42:02]}  Rd8 {[%clk 0:50:59]} 17. Qb3 {[%clk 0:38:56]}  Be6 {[%clk 0:46:41]} 18. Rb1 {[%clk 0:38:42]}  d5 {[%clk 0:40:32]} 19. Qb7 {[%clk 0:34:02]}  Nf5 {[%clk 0:40:01]} 20. c5 {[%clk 0:19:32]}  e4 {[%clk 0:35:54]} 21. Qxc7 {[%clk 0:16:51]}  Bxc7 {[%clk 0:34:25]} 22. Rb7 {[%clk 0:17:02]}  Be5 {[%clk 0:28:43]} 23. Bb2 {[%clk 0:15:23]}  exd3 {[%clk 0:26:32]} 24. exd3 {[%clk 0:14:53]}  Nd7 {[%clk 0:16:52]} 25. Nb3 {[%clk 0:12:54]}  Rb8 {[%clk 0:13:19]} 26. Rxb8+ {[%clk 0:12:19]}  Nxb8 {[%clk 0:11:20]} 1/2-1/2

[Event "Amateur Tournament (ATO)"]
[Site "https://www.chess.com"]
[Date "2025.07.23"]
[Round "8"]
[White "Trachsel, Peter"]
[Black "Bachmann, Daniel"]
[Result "1-0"]
[Board "33"]
[WhiteFideId "1303058"]
[BlackFideId "1357492"]
[WhiteElo "1695"]
[BlackElo "1766"]
[WhiteTeam "SUI"]
[BlackTeam "SUI"]
[WhiteClock "0:53:38"]
[BlackClock "0:49:08"]
[Variant "Standard"]

1. c4 {[%clk 1:30:54]}  c5 {[%clk 1:02:37]} 2. Nc3 {[%clk 1:30:47]}  Nf6 {[%clk 1:03:02]} 3. g3 {[%clk 1:30:06]}  d5 {[%clk 1:03:23]} 4. cxd5 {[%clk 1:29:58]}  Nxd5 {[%clk 1:03:51]} 5. Bg2 {[%clk 1:30:08]}  Nc7 {[%clk 1:03:50]} 6. Nf3 {[%clk 1:28:55]}  e5 {[%clk 1:04:45]} 7. Nxe5 {[%clk 1:27:37]}  Nd7 {[%clk 1:03:46]} 8. Nxd7 {[%clk 1:22:22]}  Bxd7 {[%clk 1:04:08]} 9. d3 {[%clk 1:20:45]}  h5 {[%clk 1:02:51]} 10. h4 {[%clk 1:19:20]}  Be7 {[%clk 1:02:06]} 11. Nd5 {[%clk 1:11:45]}  Bd6 {[%clk 0:58:55]} 12. Bg5 {[%clk 1:03:31]}  f6 {[%clk 0:57:26]} 13. Bf4 {[%clk 1:03:52]}  Nxd5 {[%clk 0:48:51]} 14. Bxd6 {[%clk 1:03:01]}  Bc6 {[%clk 0:49:05]} 15. Bxd5 {[%clk 0:57:44]}  Bxd5 {[%clk 0:47:59]} 16. e4 {[%clk 0:57:52]}  Qxd6 {[%clk 0:48:19]} 17. exd5 {[%clk 0:57:59]}  Qxd5 {[%clk 0:48:43]} 18. O-O {[%clk 0:58:15]}  O-O-O {[%clk 0:48:43]} 19. Qa4 {[%clk 0:53:33]}  Kb8 {[%clk 0:48:49]} 20. Rac1 {[%clk 0:53:38]}  g5 {[%clk 0:49:08]} 1-0

[Event "Amateur Tournament (ATO)"]
[Site "https://www.chess.com"]
[Date "2025.07.23"]
[Round "8"]
[White "Avilova, Yulia"]
[Black "Strebel, Beda"]
[Result "1-0"]
[Board "34"]
[WhiteFideId "34166073"]
[BlackFideId "1366432"]
[WhiteElo "1762"]
[BlackElo "1695"]
[WhiteTeam "SUI"]
[BlackTeam "SUI"]
[WhiteClock "0:32:20"]
[BlackClock "0:42:33"]
[Variant "Standard"]

1. Nf3 {[%clk 1:30:56]}  d5 {[%clk 1:30:54]} 2. c4 {[%clk 1:31:23]}  e6 {[%clk 1:31:18]} 3. e3 {[%clk 1:31:49]}  Nf6 {[%clk 1:31:43]} 4. Nc3 {[%clk 1:32:16]}  Be7 {[%clk 1:31:52]} 5. d4 {[%clk 1:32:40]}  a6 {[%clk 1:32:05]} 6. Bd3 {[%clk 1:33:02]}  dxc4 {[%clk 1:30:52]} 7. Bxc4 {[%clk 1:33:28]}  b5 {[%clk 1:31:12]} 8. Bd3 {[%clk 1:33:54]}  Bb7 {[%clk 1:31:16]} 9. e4 {[%clk 1:33:06]}  c5 {[%clk 1:25:46]} 10. O-O {[%clk 1:31:45]}  O-O {[%clk 1:25:13]} 11. e5 {[%clk 1:28:50]}  Nd5 {[%clk 1:17:24]} 12. Ne4 {[%clk 1:24:43]}  cxd4 {[%clk 1:15:26]} 13. Nfg5 {[%clk 1:21:46]}  h6 {[%clk 1:10:19]} 14. Qh5 {[%clk 1:16:29]}  Nb4 {[%clk 1:05:58]} 15. Nf6+ {[%clk 1:04:49]}  Bxf6 {[%clk 1:05:04]} 16. Bh7+ {[%clk 0:50:58]}  Kh8 {[%clk 1:05:07]} 17. exf6 {[%clk 0:50:55]}  Qxf6 {[%clk 1:02:45]} 18. a3 {[%clk 0:42:29]}  Nd5 {[%clk 1:01:45]} 19. Ne4 {[%clk 0:40:43]}  Nf4 {[%clk 0:58:03]} 20. Qc5 {[%clk 0:37:52]}  Qd8 {[%clk 0:54:24]} 21. Bxf4 {[%clk 0:34:26]}  Kxh7 {[%clk 0:52:43]} 22. Bc7 {[%clk 0:34:33]}  Qd5 {[%clk 0:48:34]} 23. Qxf8 {[%clk 0:31:07]}  Qxe4 {[%clk 0:48:55]} 24. f3 {[%clk 0:31:31]}  Qe3+ {[%clk 0:48:08]} 25. Kh1 {[%clk 0:31:56]}  Nd7 {[%clk 0:46:45]} 26. Qxf7 {[%clk 0:32:04]}  Nc5 {[%clk 0:45:04]} 27. Bb6 {[%clk 0:32:01]}  Nd3 {[%clk 0:43:30]} 28. Qxb7 {[%clk 0:32:17]}  Rf8 {[%clk 0:42:33]} 29. Qe4+ {[%clk 0:32:20]} 1-0

[Event "Amateur Tournament (ATO)"]
[Site "https://www.chess.com"]
[Date "2025.07.23"]
[Round "8"]
[White "Kern, Beat"]
[Black "Kopp, Guenter"]
[Result "1/2-1/2"]
[Board "35"]
[WhiteFideId "829072"]
[BlackFideId "1322974"]
[WhiteElo "1695"]
[BlackElo "1747"]
[WhiteTeam "SUI"]
[BlackTeam "SUI"]
[WhiteClock "0:44:33"]
[BlackClock "1:03:24"]
[Variant "Standard"]

1. Nf3 {[%clk 1:30:56]}  c5 {[%clk 1:30:02]} 2. c4 {[%clk 1:30:57]}  Nc6 {[%clk 1:29:21]} 3. Nc3 {[%clk 1:29:58]}  g6 {[%clk 1:29:06]} 4. b3 {[%clk 1:28:20]}  Bg7 {[%clk 1:28:49]} 5. Bb2 {[%clk 1:28:29]}  e6 {[%clk 1:28:21]} 6. e4 {[%clk 1:26:59]}  Nge7 {[%clk 1:28:12]} 7. d3 {[%clk 1:23:49]}  d5 {[%clk 1:26:53]} 8. Qd2 {[%clk 1:22:02]}  O-O {[%clk 1:26:18]} 9. Be2 {[%clk 1:19:38]}  Be5 {[%clk 1:20:59]} 10. O-O {[%clk 1:18:51]}  Bg7 {[%clk 1:20:25]} 11. g3 {[%clk 1:07:54]}  Bh6 {[%clk 1:16:05]} 12. g4 {[%clk 0:54:23]}  g5 {[%clk 1:03:24]} 13. h3 {[%clk 0:44:33]} 1/2-1/2

[Event "Amateur Tournament (ATO)"]
[Site "https://www.chess.com"]
[Date "2025.07.23"]
[Round "8"]
[White "Hottinger, Ieremia"]
[Black "Klas, Friedrich Guenther"]
[Result "1-0"]
[Board "36"]
[WhiteFideId "1359185"]
[BlackFideId "24669970"]
[WhiteElo "1734"]
[BlackElo "1686"]
[WhiteTeam "SUI"]
[BlackTeam "GER"]
[WhiteClock "0:35:08"]
[BlackClock "0:47:33"]
[Variant "Standard"]

1. e4 {[%clk 1:30:46]}  c6 {[%clk 1:30:46]} 2. d4 {[%clk 1:31:07]}  d5 {[%clk 1:31:05]} 3. Nc3 {[%clk 1:31:24]}  dxe4 {[%clk 1:31:06]} 4. Nxe4 {[%clk 1:31:39]}  Nd7 {[%clk 1:31:32]} 5. Qe2 {[%clk 1:26:07]}  Ndf6 {[%clk 1:31:25]} 6. Nf3 {[%clk 1:25:05]}  Bf5 {[%clk 1:27:59]} 7. Ng3 {[%clk 1:25:03]}  Bg4 {[%clk 1:25:11]} 8. c3 {[%clk 1:24:24]}  Qd5 {[%clk 1:22:34]} 9. h3 {[%clk 1:21:26]}  Bxf3 {[%clk 1:20:37]} 10. Qxf3 {[%clk 1:21:38]}  Qxf3 {[%clk 1:19:49]} 11. gxf3 {[%clk 1:22:00]}  e6 {[%clk 1:19:58]} 12. Bg2 {[%clk 1:21:59]}  Bd6 {[%clk 1:15:42]} 13. Ne4 {[%clk 1:22:11]}  Bc7 {[%clk 1:16:11]} 14. O-O {[%clk 1:21:00]}  h6 {[%clk 1:11:23]} 15. Re1 {[%clk 1:20:12]}  O-O-O {[%clk 1:11:05]} 16. Be3 {[%clk 1:19:01]}  Kb8 {[%clk 1:10:52]} 17. a4 {[%clk 1:18:59]}  Ne7 {[%clk 1:08:20]} 18. a5 {[%clk 1:16:31]}  Ned5 {[%clk 1:05:51]} 19. a6 {[%clk 1:00:01]}  b6 {[%clk 1:04:36]} 20. Rec1 {[%clk 0:52:46]}  Nf4 {[%clk 1:03:57]} 21. Bxf4 {[%clk 0:50:10]}  Bxf4 {[%clk 1:04:23]} 22. Rc2 {[%clk 0:50:02]}  Ne8 {[%clk 0:57:52]} 23. b4 {[%clk 0:50:01]}  f5 {[%clk 0:57:52]} 24. Ng3 {[%clk 0:48:44]}  Nf6 {[%clk 0:55:16]} 25. Bf1 {[%clk 0:47:17]}  h5 {[%clk 0:51:19]} 26. b5 {[%clk 0:46:25]}  h4 {[%clk 0:50:35]} 27. Ne2 {[%clk 0:46:37]}  cxb5 {[%clk 0:51:03]} 28. Nxf4 {[%clk 0:46:45]}  g5 {[%clk 0:48:01]} 29. Nxe6 {[%clk 0:45:44]}  Rd6 {[%clk 0:48:01]} 30. Nxg5 {[%clk 0:43:31]}  f4 {[%clk 0:47:52]} 31. Kh2 {[%clk 0:40:48]}  Rc8 {[%clk 0:47:56]} 32. Rd1 {[%clk 0:38:38]}  Rd5 {[%clk 0:46:13]} 33. Ne4 {[%clk 0:38:37]}  Nh5 {[%clk 0:46:25]} 34. Rb2 {[%clk 0:38:19]}  Ng3 {[%clk 0:46:50]} 35. fxg3 {[%clk 0:37:29]}  hxg3+ {[%clk 0:47:08]} 36. Kg2 {[%clk 0:37:44]}  b4 {[%clk 0:46:31]} 37. Rxb4 {[%clk 0:37:49]}  Ra5 {[%clk 0:46:35]} 38. Rd2 {[%clk 0:37:14]}  Rg8 {[%clk 0:46:36]} 39. d5 {[%clk 0:37:06]}  Ra1 {[%clk 0:46:32]} 40. Bc4 {[%clk 0:36:40]}  Rh8 {[%clk 0:46:51]} 41. d6 {[%clk 0:35:05]}  Rh1 {[%clk 0:47:04]} 42. Kxh1 {[%clk 0:35:01]}  Rxh3+ {[%clk 0:47:33]} 43. Kg1 {[%clk 0:35:08]} 1-0

[Event "Amateur Tournament (ATO)"]
[Site "https://www.chess.com"]
[Date "2025.07.23"]
[Round "8"]
[White "Funk, Kurt"]
[Black "Juchler, Celine"]
[Result "1-0"]
[Board "37"]
[WhiteFideId "1317423"]
[BlackFideId "1301136"]
[WhiteElo "1734"]
[BlackElo "1654"]
[WhiteTeam "SUI"]
[BlackTeam "SUI"]
[WhiteClock "0:16:09"]
[BlackClock "0:16:49"]
[Variant "Standard"]

1. d4 {[%clk 1:30:56]}  e6 {[%clk 1:30:52]} 2. Nf3 {[%clk 1:31:16]}  d5 {[%clk 1:31:00]} 3. Bf4 {[%clk 1:31:37]}  Nf6 {[%clk 1:30:23]} 4. e3 {[%clk 1:31:58]}  c5 {[%clk 1:30:01]} 5. c3 {[%clk 1:32:14]}  Nc6 {[%clk 1:29:11]} 6. Nbd2 {[%clk 1:32:27]}  cxd4 {[%clk 1:27:43]} 7. exd4 {[%clk 1:32:47]}  Bd6 {[%clk 1:26:56]} 8. Bg3 {[%clk 1:32:24]}  Bxg3 {[%clk 1:24:22]} 9. hxg3 {[%clk 1:32:43]}  h6 {[%clk 1:23:40]} 10. Bd3 {[%clk 1:32:10]}  Bd7 {[%clk 1:22:22]} 11. Ne5 {[%clk 1:25:44]}  Nxe5 {[%clk 1:12:37]} 12. dxe5 {[%clk 1:25:49]}  Ng8 {[%clk 1:12:08]} 13. Qg4 {[%clk 1:19:14]}  Kf8 {[%clk 1:01:20]} 14. Nf3 {[%clk 1:09:50]}  f5 {[%clk 0:59:30]} 15. Qb4+ {[%clk 1:06:57]}  Ne7 {[%clk 0:57:20]} 16. Nd4 {[%clk 1:03:09]}  b6 {[%clk 0:52:48]} 17. Qd6 {[%clk 0:59:30]}  Kf7 {[%clk 0:50:07]} 18. f4 {[%clk 0:54:16]}  Rc8 {[%clk 0:49:41]} 19. Qa3 {[%clk 0:49:34]}  Rc7 {[%clk 0:44:51]} 20. Rc1 {[%clk 0:47:11]}  Qb8 {[%clk 0:40:20]} 21. Kf2 {[%clk 0:43:29]}  a5 {[%clk 0:35:14]} 22. Qb3 {[%clk 0:41:41]}  Rc5 {[%clk 0:32:30]} 23. Qd1 {[%clk 0:40:29]}  g6 {[%clk 0:28:32]} 24. Be2 {[%clk 0:38:08]}  Nc6 {[%clk 0:25:39]} 25. Nb3 {[%clk 0:36:31]}  Kg7 {[%clk 0:16:12]} 26. Nxc5 {[%clk 0:33:41]}  bxc5 {[%clk 0:16:35]} 27. b3 {[%clk 0:31:26]}  Qb6 {[%clk 0:14:21]} 28. Kf1 {[%clk 0:30:12]}  Na7 {[%clk 0:13:17]} 29. a4 {[%clk 0:28:23]}  Bc6 {[%clk 0:13:03]} 30. Qc2 {[%clk 0:26:16]}  Qb7 {[%clk 0:12:15]} 31. g4 {[%clk 0:22:06]}  d4 {[%clk 0:12:22]} 32. Bc4 {[%clk 0:18:05]}  Be4 {[%clk 0:10:53]} 33. Bd3 {[%clk 0:15:32]}  Bxd3+ {[%clk 0:09:15]} 34. Qxd3 {[%clk 0:15:31]}  Qxb3 {[%clk 0:09:16]} 35. gxf5 {[%clk 0:14:32]}  exf5 {[%clk 0:08:19]} 36. Rh3 {[%clk 0:11:17]}  Qxa4 {[%clk 0:05:35]} 37. cxd4 {[%clk 0:10:31]}  Rd8 {[%clk 0:04:30]} 38. Qc4 {[%clk 0:06:26]}  Rxd4 {[%clk 0:03:22]} 39. Qxa4 {[%clk 0:05:34]}  Rxa4 {[%clk 0:03:46]} 40. Rxc5 {[%clk 0:05:44]}  Ra1+ {[%clk 0:03:17]} 41. Kf2 {[%clk 0:05:39]}  Ra2+ {[%clk 0:02:33]} 42. Kg3 {[%clk 0:04:33]}  Ra3+ {[%clk 0:01:11]} 43. Kh2 {[%clk 0:05:21]}  Rxh3+ {[%clk 0:01:01]} 44. Kxh3 {[%clk 0:05:35]}  Kf8 {[%clk 0:01:23]} 45. Rxa5 {[%clk 0:04:48]}  Nc6 {[%clk 0:01:28]} 46. Ra6 {[%clk 0:03:09]}  Ne7 {[%clk 0:01:35]} 47. g3 {[%clk 0:01:14]}  Kg7 {[%clk 0:00:40]} 48. Ra7 {[%clk 0:29:20]}  Kf8 {[%clk 0:30:09]} 49. e6 {[%clk 0:28:00]}  Nd5 {[%clk 0:26:55]} 50. Rh7 {[%clk 0:27:02]}  h5 {[%clk 0:24:53]} 51. Ra7 {[%clk 0:24:38]}  Ne7 {[%clk 0:23:41]} 52. Kh4 {[%clk 0:24:20]}  Nd5 {[%clk 0:22:29]} 53. Kg5 {[%clk 0:24:14]}  Ne7 {[%clk 0:22:47]} 54. Kf6 {[%clk 0:22:49]}  Nd5+ {[%clk 0:22:04]} 55. Kxg6 {[%clk 0:22:50]}  h4 {[%clk 0:16:03]} 56. gxh4 {[%clk 0:18:58]}  Nxf4+ {[%clk 0:16:11]} 57. Kxf5 {[%clk 0:19:06]}  Nd5 {[%clk 0:16:09]} 58. Ke5 {[%clk 0:16:32]}  Ne7 {[%clk 0:16:26]} 59. Rxe7 {[%clk 0:15:48]}  Kxe7 {[%clk 0:16:49]} 60. h5 {[%clk 0:16:09]} 1-0